<?xml version="1.0" encoding="UTF-8"?>
<marc:record xmlns:marc="http://www.loc.gov/MARC21/slim">
   <marc:leader>00000nam a2200000 a 4500</marc:leader>
   <marc:datafield ind1="1" ind2=" " tag="100">
      <marc:subfield code="a">Mansholt, Bernd</marc:subfield>
      <marc:subfield code="4">aut</marc:subfield>
      <marc:subfield code="e">Verfasser/-in</marc:subfield>
   </marc:datafield>
   <marc:datafield ind1="1" ind2=" " tag="100">
      <marc:subfield code="a">Mansholt, Daniel</marc:subfield>
      <marc:subfield code="4">aut</marc:subfield>
      <marc:subfield code="e">Verfasser/-in</marc:subfield>
   </marc:datafield>
   <marc:datafield ind1=" " ind2=" " tag="653">
      <marc:subfield code="a">Weltumsegelung</marc:subfield>
   </marc:datafield>
   <marc:datafield ind1=" " ind2=" " tag="653">
      <marc:subfield code="a">Reiseerzählungen/Welt</marc:subfield>
   </marc:datafield>
   <marc:datafield ind1=" " ind2=" " tag="653">
      <marc:subfield code="a">Arktis</marc:subfield>
   </marc:datafield>
   <marc:datafield ind1=" " ind2=" " tag="653">
      <marc:subfield code="a">Antarktis</marc:subfield>
   </marc:datafield>
   <marc:datafield ind1=" " ind2=" " tag="653">
      <marc:subfield code="a">Reisebericht</marc:subfield>
   </marc:datafield>
   <marc:datafield ind1="0" ind2="0" tag="245">
      <marc:subfield code="a">Wir hauen ab!</marc:subfield>
   </marc:datafield>
   <marc:datafield ind1="0" ind2="0" tag="245">
      <marc:subfield code="b">eine Familie unter Segeln</marc:subfield>
   </marc:datafield>
   <marc:datafield ind1="0" ind2="0" tag="245">
      <marc:subfield code="c">Bernd und Daniel Mansholt</marc:subfield>
   </marc:datafield>
   <marc:datafield ind1=" " ind2="1" tag="264">
      <marc:subfield code="a">Bielefeld</marc:subfield>
      <marc:subfield code="b">Delius Klasing</marc:subfield>
      <marc:subfield code="c">2007</marc:subfield>
   </marc:datafield>
   <marc:datafield ind1=" " ind2=" " tag="250">
      <marc:subfield code="a">1. Aufl.</marc:subfield>
   </marc:datafield>
   <marc:datafield ind1="1" ind2=" " tag="520">
      <marc:subfield code="a">Angaben aus der Verlagsmeldung

Wir hauen ab : Eine Familie unter Segeln / von Bernd Mansholt, Daniel Mansholt

„Alles ist möglich, man muss es nur wollen“, heißt die Devise von Bernd, 40, Susanne, 39, Daniel, 16, Mike, 5, und Maria, 4, nachdem die Goldschmiede und die gesamte Habe in Oldenburg verkauft, alle Versicherungen gekündigt wurden und sie auf ihrer NIS RANDERS – Kurs Süd – in eine ungewisse Zukunft aufgebrochen sind.
Ganz ohne Zweifel ist ihr spannender Bericht über die 750 Tage lange Reise, während der sie 26 000 Seemeilen zurücklegen und einmal die Welt umsegeln, ein aufregendes Abenteuerbuch, das man bis zur letzten Seite genießt, denn vom blutigen Anfänger zum souveränen Seemann mutiert der Skipper erst, nachdem die 10-Meter-Stahlyacht als zweitkleinster Teilnehmer der Atlantic Rally for Cruisers über den Großen Teich geschippert ist – und auch erst nachdem die Crew alles erlebt und erlitten hat, was einem auf den Meeren dieser Welt an Unvorhersehbarem zustoßen kann.

Dieses Buch ist aber noch viel mehr! Es ist die Geschichte eines pubertierenden Jungen, der sich auf diesem Weg vom sogenannten Schulversager zu einem verantwortungsbewussten jungen Mann entwickelt; es erzählt die Story, wie Vater und Sohn allmählich zu Freunden und echten Partnern werden; es ist ein gelungenes Beispiel für kindgerechtes Segeln und eine unverzichtbare Lektüre für alle, die einen solchen Törn noch vor sich haben oder wenigstens davon träumen.
</marc:subfield>
   </marc:datafield>
   <marc:datafield ind1=" " ind2=" " tag="020">
      <marc:subfield code="a">9783768819848</marc:subfield>
      <marc:subfield code="9">9783768819848</marc:subfield>
   </marc:datafield>
   <marc:datafield ind1=" " ind2=" " tag="020">
      <marc:subfield code="a">3768819841</marc:subfield>
      <marc:subfield code="9">3768819841</marc:subfield>
   </marc:datafield>
   <marc:datafield ind1=" " ind2=" " tag="041">
      <marc:subfield code="a">ger</marc:subfield>
   </marc:datafield>
   <marc:datafield ind1=" " ind2=" " tag="300">
      <marc:subfield code="a">286, [16] S.</marc:subfield>
   </marc:datafield>
</marc:record>
